History Quiz

Random History or Year Quiz

Year Ladder: Historical Events II Quiz Stats

 Plays Quiz Updated Feb 15, 2016

Score 0/20 Timer 05:00
4 Plays Today
Events Year % Correct
Rio de Janeiro Summer Olympics; Juno arrives at Jupiter2016
87.7%
New Horizons visits Pluto; Justin Trudeau becomes Canadian PM2015
86.9%
Normandy landings on D-Day; Casablanca wins Best Picture at the Academy Awards1944
86.7%
Facebook launches; 10 countries join the EU2004
85%
Russia annexes Crimea; Malala Yousafzai becomes the youngest-ever Nobel Prize laureate2014
83.8%
Oklahoma City bombing; Assassination of Yitzhak Rabin1995
81.5%
Socialist Federal Republic of Yugoslavia dissolves; Mae Jemison becomes first African-American woman in space1992
78.7%
Einstein publishes the Theory of General Relativity; Babe Ruth hits first home-run for the Boston Red Sox1915
75.4%
First underground line of the New York Subway opens; US begins work at Panama Canal1904
75.1%
Boxing's 'Fight of the Century': Frazier beats Ali; Idi Amin becomes President of Uganda1971
75%
Events Year % Correct
Creation of the Magna Carta; Gengis Khan captures Beijing1215
72.7%
Roald Amundsen reaches the South Pole; Marie Curie awarded Nobel Prize in Chemistry1911
71.7%
First French Republic proclaimed; Construction begins on the White House1792
71.1%
First electrical telegram ('What hath God wrought?') sent by Samuel Morse; Emily Brontë's 'A Death-Scene' published1844
66.5%
John Tyler sworn in as US President; Coronation of Pedro II of Brazil1841
66.4%
Creation of the Paris Commune; Stanley finds Livingstone1871
64.2%
11th amendment to the US Constitution passes; 24-year-old Beethoven's first public performance in Vienna1795
62.7%
Cnut the Great invades England; Vladimir the Great dies1015
62.7%
Henry II crowned King of Italy; Erik the Red dies1004
60.1%
Marco Polo returns from his travels to China; King Edward I summons the Model Parliament to Westminster1295
53.9%

You're not logged in!

Compare scores with friends on all Sporcle quizzes.
OR
Log In

You Might Also Like...

Show Comments

Extras

Top Quizzes Today


Score Distribution

Your Account Isn't Verified!

In order to create a playlist on Sporcle, you need to verify the email address you used during registration. Go to your Sporcle Settings to finish the process.

Report this User

Report this user for behavior that violates our Community Guidelines.

Details: